| 000 | 00756nam a2200181 i 4500 | ||
|---|---|---|---|
| 001 | 147542 | ||
| 003 | ES-MaACL | ||
| 005 | 20230906202054.0 | ||
| 007 | t| | ||
| 008 | 071003s1933 sp ||||1| spa d | ||
| 110 | 2 |
_aUniversidad Autónoma de Barcelona. _bFacultad de Filosofía y Letras y Pedagogía. _9160590 |
|
| 245 | 1 | 0 |
_aOrganización _b: regimen de estudios. Programa de cursos para el año 1933-34 / _cUniversidad de Autonoma de Barcelona, Facultad de Filosofía y Letras y Pedagogía. |
| 260 |
_aBarcelona : _b[s.n.], _c1933 ( _fImp. Mallorca) |
||
| 300 |
_a101 p. ; _c21 cm. |
||
| 610 | 2 |
_aUniversidad Autónoma de Barcelona- _vProgramas de estudios. _9160589 |
|
| 650 |
_aEnseñanza superior- _zBarcelona. _9160587 |
||
| 852 |
_aES-MaACL _jA-1831 |
||
| 999 |
_c147542 _d147542 |
||